Beyond the finite: (Record no. 54150)

000 -LEADER
fixed length control field 00441nam a22001577a 4500
020 ## - INTERNATIONAL STANDARD BOOK NUMBER
ISBN 978-0-19-973769-7
082 ## - DEWEY DECIMAL CLASSIFICATION NUMBER
Classification number 501
Item number ROA/B
245 ## - TITLE STATEMENT
Title Beyond the finite:
Sub Title the sublime in art and science/
Statement of responsibility, etc by Roald Hoffmann (ed.)
260 ## - PUBLICATION, DISTRIBUTION, ETC. (IMPRINT)
Place of publication Oxford:
Name of publisher Oxford University Press,
Year of publication 2011.
300 ## - PHYSICAL DESCRIPTION
Number of Pages 173p.
650 ## - SUBJECT ADDED ENTRY--TOPICAL TERM
Topical Term Science Philosophy
650 ## - SUBJECT ADDED ENTRY--TOPICAL TERM
Topical Term Science Aesthetics
650 ## - SUBJECT ADDED ENTRY--TOPICAL TERM
Topical Term Sciences
700 ## - ADDED ENTRY--PERSONAL NAME
Personal name Iain Boyd Whyte (ed.)
942 ## - ADDED ENTRY ELEMENTS (KOHA)
Koha item type Book
Holdings
Withdrawn status Lost status Damaged status Not for loan Permanent Location Current Location Shelving location Date acquired Cost, normal purchase price Full call number Accession Number Price effective from Koha item type
        Sree Sankaracharya University of Sanskrit Sree Sankaracharya University of Sanskrit Stacks 25.06.2015 1778.70 501 ROA/B 076363 25.06.2015 Book